A taxing subject (Record no. 84804)

MARC details
000 -LEADER
fixed length control field 00775cab a22002055a 4500
001 - CONTROL NUMBER
control field L159109
008 - FIXED-LENGTH DATA ELEMENTS--GENERAL INFORMATION
fixed length control field 160129e20160123xxk 000 0 eng d
035 ## - SYSTEM CONTROL NUMBER
System control number (Sirsi) u159109
041 0# - LANGUAGE CODE
Language code of text/sound track or separate title eng
100 1# - MAIN ENTRY--PERSONAL NAME
Personal name Taylor, Kate
245 02 - TITLE STATEMENT
Title A taxing subject
260 ## - PUBLICATION, DISTRIBUTION, ETC.
Date of publication, distribution, etc. 2015
490 ## - SERIES STATEMENT
Series statement Estates Gazette
Volume/sequential designation (1603) 23 January 2016, 74-75(2)
520 ## - SUMMARY, ETC.
Summary, etc. Describes how best to demonstrate the Local Tax competency to APC Assessors. Points out how this area is extremely important to the public purse as well as individual businesses property costs. Gives information and advice about the three levels of this competency and further useful resources.
590 ## - LOCAL NOTE (RLIN)
Local note KA
650 24 - SUBJECT ADDED ENTRY--TOPICAL TERM
Topical term or geographic name entry element APC
9 (RLIN) 6216
651 #4 - SUBJECT ADDED ENTRY--GEOGRAPHIC NAME
Geographic name United Kingdom
690 ## - LOCAL SUBJECT ADDED ENTRY--TOPICAL TERM (OCLC, RLIN)
Topical term or geographic name as entry element Finance & Taxation
9 (RLIN) 6241
942 ## - ADDED ENTRY ELEMENTS (KOHA)
Suppress in OPAC 0
Holdings
Withdrawn status Lost status Source of classification or shelving scheme Damaged status Not for loan Home library Current library Shelving location Date acquired Total Checkouts Full call number Barcode Date last seen Copy number Price effective from Koha item type
    Dewey Decimal Classification     London London Journal article 29/01/2016   L159109 159109-1001 06/08/2019 1 06/08/2019 Journal article